000152484 001__ 152484 000152484 005__ 20250401114422.0 000152484 037__ $$aTAZ-TFG-2025-189 000152484 041__ $$aspa 000152484 1001_ $$aRomán Hernández, Ana Paula 000152484 24200 $$aEconomic analysis of the Spanish fashion industry. 000152484 24500 $$aAnálisis económico de la industria de la moda española 000152484 260__ $$aZaragoza$$bUniversidad de Zaragoza$$c2025 000152484 506__ $$aby-nc-sa$$bCreative Commons$$c3.0$$uhttp://creativecommons.org/licenses/by-nc-sa/3.0/ 000152484 520__ $$aEste trabajo tiene por objetivo analizar económicamente la industria de la moda a nivel global, con un enfoque específico en España. Se estudia la importancia histórica de la moda como reflejo de la economía y la sociedad, así como impulsor de tendencias que motivan el consumo. En España, la industria de la moda ha experimentado un crecimiento exponencial en el siglo XXI, impulsado por la inversión pública y el ascenso de marcas españolas en mercados globales. Se examina el impacto económico del sector, incluyendo generación de empleo, exportaciones e importaciones y aportación a la creación de PIB. Además, se procura también, proporcionar una comprensión integral de la moda en sus dimensiones culturales e históricas para entender su trascendencia económica.<br /><br /> 000152484 521__ $$aGraduado en Administración y Dirección de Empresas 000152484 540__ $$aDerechos regulados por licencia Creative Commons 000152484 691__ $$a8 9 12 000152484 692__ $$aEn el trabajo se analiza no solo el impacto económico de la moda, sino también su trascendencia histórica, cultural e industrial, destacando su papel en la sostenibilidad. Además, se resalta la importancia de rescatar técnicas artesanales tradicionales, integrándolas en la industria moderna para preservar el patrimonio y fomentar prácticas sostenibles. El presente trabajo busca no solo comprender el impacto de la moda, sino también generar conciencia y promover un cambio hacia un modelo más sostenible y responsable. 000152484 700__ $$aPozo Remiro, Eduardo$$edir. 000152484 7102_ $$aUniversidad de Zaragoza$$bAnálisis Económico$$cFundamentos del Análisis Económico 000152484 8560_ $$f830212@unizar.es 000152484 8564_ $$s2053556$$uhttps://zaguan.unizar.es/record/152484/files/TAZ-TFG-2025-189.pdf$$yMemoria (spa) 000152484 909CO $$ooai:zaguan.unizar.es:152484$$pdriver$$ptrabajos-fin-grado 000152484 950__ $$a 000152484 951__ $$adeposita:2025-04-01 000152484 980__ $$aTAZ$$bTFG$$cECON 000152484 999__ $$a20250203193050.CREATION_DATE